| 000 | 00743nam a2200229 a 4500 | ||
|---|---|---|---|
| 005 | 20231024063549.0 | ||
| 008 | 040301s1999 mx r 000 0 spa d | ||
| 020 | _a9507249052 | ||
| 035 | _aUPN01000132313 | ||
| 049 | _aCG | ||
| 050 | 4 |
_aHD7130.5 _bM6.3 |
|
| 100 | 1 | _aMolina, María Lorena | |
| 245 | 1 | 3 |
_aLa gerencia de servicios sociales / _cMaría Lorena Molina, Nidia Esther Morera. |
| 260 |
_aBuenos Aires : _bLumen/Hvmanitas, _c1999. |
||
| 300 |
_a127 p. : _bgráfs. |
||
| 440 | 0 | _aPolítica, servicios y trabajo social | |
| 650 | 4 |
_aPOLITICA SOCIAL - _zAMERICA LATINA _96012 |
|
| 650 | 4 |
_aSeguridad social _zAmérica Latina _913916 |
|
| 650 | 4 |
_aTrabajo social _96125 |
|
| 700 | 1 |
_aMorera, Nidia Esther, _ecoaut. |
|
| 905 | _aLibro | ||
| 999 |
_c104468 _d104468 |
||